<?xml version="1.0" encoding="UTF-8"?>
<record
    xmlns:xsi="http://www.w3.org/2001/XMLSchema-instance"
    xsi:schemaLocation="http://www.loc.gov/MARC21/slim http://www.loc.gov/standards/marcxml/schema/MARC21slim.xsd"
    xmlns="http://www.loc.gov/MARC21/slim">

  <leader>00834nam a22001817a 4500</leader>
  <controlfield tag="003">NALT</controlfield>
  <controlfield tag="005">20210716174327.0</controlfield>
  <controlfield tag="008">      s2523    th ||||| |||| 00| 0 tha d</controlfield>
  <datafield tag="040" ind1=" " ind2=" ">
    <subfield code="a">NALT</subfield>
  </datafield>
  <datafield tag="050" ind1=" " ind2=" ">
    <subfield code="a">BQ 5335</subfield>
    <subfield code="b">&#xE1E;444&#xE1B;</subfield>
  </datafield>
  <datafield tag="100" ind1="0" ind2=" ">
    <subfield code="a">&#xE1E;&#xE23;&#xE30;&#xE23;&#xE32;&#xE0A;&#xE19;&#xE31;&#xE19;&#xE17;&#xE21;&#xE38;&#xE19;&#xE35; (&#xE1B;&#xE31;&#xE0D;&#xE0D;&#xE32;&#xE19;&#xE31;&#xE19;&#xE17;&#xE20;&#xE34;&#xE01;&#xE02;&#xE38;)</subfield>
    <subfield code="9">53957</subfield>
  </datafield>
  <datafield tag="245" ind1="1" ind2="0">
    <subfield code="a">&#xE1B;&#xE31;&#xE0D;&#xE0D;&#xE32;&#xE19;&#xE31;&#xE19;&#xE17;&#xE18;&#xE23;&#xE23;&#xE21; /</subfield>
    <subfield code="c">&#xE1E;&#xE23;&#xE30;&#xE23;&#xE32;&#xE0A;&#xE19;&#xE31;&#xE19;&#xE17;&#xE21;&#xE38;&#xE19;&#xE35; (&#xE1B;&#xE31;&#xE0D;&#xE0D;&#xE32;&#xE19;&#xE31;&#xE19;&#xE17;&#xE20;&#xE34;&#xE01;&#xE02;&#xE38;)</subfield>
  </datafield>
  <datafield tag="260" ind1=" " ind2=" ">
    <subfield code="a">&#xE01;&#xE23;&#xE38;&#xE07;&#xE40;&#xE17;&#xE1E;&#xE2F; : </subfield>
    <subfield code="b">&#xE2A;&#xE33;&#xE19;&#xE31;&#xE01;&#xE07;&#xE32;&#xE19;&#xE04;&#xE13;&#xE30;&#xE01;&#xE23;&#xE23;&#xE21;&#xE01;&#xE32;&#xE23;&#xE02;&#xE49;&#xE32;&#xE23;&#xE32;&#xE0A;&#xE01;&#xE32;&#xE23;&#xE1E;&#xE25;&#xE40;&#xE23;&#xE37;&#xE2D;&#xE19; &#xE2A;&#xE33;&#xE19;&#xE31;&#xE01;&#xE19;&#xE32;&#xE22;&#xE01;&#xE23;&#xE31;&#xE10;&#xE21;&#xE19;&#xE15;&#xE23;&#xE35;, </subfield>
    <subfield code="c">2523</subfield>
  </datafield>
  <datafield tag="300" ind1=" " ind2=" ">
    <subfield code="a">34 &#xE2B;&#xE19;&#xE49;&#xE32;</subfield>
  </datafield>
  <datafield tag="650" ind1=" " ind2="4">
    <subfield code="a">&#xE1E;&#xE38;&#xE17;&#xE18;&#xE28;&#xE32;&#xE2A;&#xE19;&#xE32; </subfield>
    <subfield code="9">44114</subfield>
    <subfield code="x">&#xE2B;&#xE25;&#xE31;&#xE01;&#xE04;&#xE33;&#xE2A;&#xE2D;&#xE19;</subfield>
  </datafield>
  <datafield tag="850" ind1=" " ind2=" ">
    <subfield code="a">NALT</subfield>
  </datafield>
  <datafield tag="942" ind1=" " ind2=" ">
    <subfield code="c">GB</subfield>
    <subfield code="2">lcc</subfield>
  </datafield>
  <datafield tag="999" ind1=" " ind2=" ">
    <subfield code="c">40436</subfield>
    <subfield code="d">40436</subfield>
  </datafield>
  <datafield tag="998" ind1=" " ind2=" ">
    <subfield code="j">109</subfield>
    <subfield code="k"> &#xE2D;&#xE32;&#xE23;&#xE35;&#xE23;&#xE31;&#xE15;&#xE19;&#xE4C; &#xE27;&#xE34;&#xE0A;&#xE32;&#xE0A;&#xE48;&#xE32;&#xE07;</subfield>
  </datafield>
  <datafield tag="952" ind1=" " ind2=" ">
    <subfield code="0">0</subfield>
    <subfield code="1">0</subfield>
    <subfield code="4">0</subfield>
    <subfield code="7">0</subfield>
    <subfield code="8">CGBL</subfield>
    <subfield code="a">NALT</subfield>
    <subfield code="b">NALT</subfield>
    <subfield code="l">0</subfield>
    <subfield code="o">BQ 5335 &#xE1E;444&#xE1B;</subfield>
    <subfield code="p">3961100546</subfield>
    <subfield code="r">2017-06-09 00:00:00</subfield>
    <subfield code="w">2017-06-09</subfield>
    <subfield code="y">GB</subfield>
  </datafield>
</record>
